000 00323nam a2200121Ia 4500
008 220204s9999 xx 000 0 und d
082 _a301.151
_bCOO
245 0 _aAdvances in experimental social processes. V 1
260 _aChichester
_bJohn Wiley
_c1978
700 _aAlderfer, C P
700 _aCooper, C L
942 _cBK
999 _c29699
_d29699